000 00729nam a2200277Ia 4500
003 OSt
005 20221006145045.0
006 a|||||r|||| 00| 0
007 ta
008 221006b |||||||| |||| 00| 0 eng d
020 _aB001KZBXUA
024 _a13,638
037 _cTextual
040 _aEASL
_cEASL
_beng
041 _2eng
_aeng
082 _aV498:8.N62<-N49, K4
100 _aLing NAI-MIN
_9111131
245 0 _aTibetan sourcebook
260 _aHong Kong
_bUnion Research Institute
_c1964
300 _a484p.
_ccm.
490 _v Oth
650 _a Gen
650 _aTibet - History
_9146560
942 _hV498:8.N62<-N49, K4
_cTEXL
_2CC
999 _c1081724
_d1081724